[Event "London Central U2000"]
[Site "London"]
[Date "2022.04.24"]
[Round "5"]
[White "Ibanez, Bittor"]
[Black "McKenna, John R"]
[Result "1-0"]
[WhiteElo "1013"]
[BlackElo "1585"]
[PlyCount "115"]
[EventDate "2022.04.22"]
[EventType "swiss"]
[EventRounds "5"]
[EventCountry "ENG"]
[SourceTitle "EXT 2024"]
[Source "ChessBase"]
[SourceDate "2023.10.10"]
[SourceVersion "1"]
[SourceVersionDate "2023.10.10"]
[SourceQuality "1"]

1. e4 Nf6 2. e5 Nd5 3. c4 Nb6 4. d4 d6 5. exd6 exd6 6. d5 Be7 7. c5 dxc5 8. Bb5+ Bd7 9. Nc3 a6 10. Qe2 0-0 11. Nf3 Bg4 12. Ba4 Nxa4 13. Nxa4 Nd7 14. h3 Bxf3 15. Qxf3 Nf6 16. Be3 Qxd5 17. Nc3 Qxf3 18. gxf3 Rfe8 19. 0-0-0 c6 20. Na4 Nd5 21. Bxc5 Bxc5 22. Nxc5 Re7 23. Rhe1 Rae8 24. Re4 Rxe4 25. Nxe4 f5 26. Nd6 Re7 27. Nxf5 Rf7 28. Nd6 Rd7 29. Ne4 Nb6 30. Rd6 Rxd6 31. Nxd6 Nd5 32. Nxb7 Nf4 33. h4 Nd3+ 34. Kc2 Nxf2 35. Nc5 a5 36. a4 Nh3 37. Nb7 g5 38. h5 Nf4 39. h6 Ne6 40. Nxa5 Nd4+ 41. Kc3 Nxf3 42. Nc4 g4 43. Ne3 Ne5 44. a5 g3 45. a6 Nd7 46. b4 Kf7 47. Kd4 Ke6 48. a7 Nb6 49. Kc5 Na8 50. Kxc6 Ke5 51. Kb7 Ke4 52. Ng2 Kf3 53. Kxa8 Kxg2 54. Kb8 Kf2 55. a8Q g2 56. Qa7+ Kf1 57. Qxh7 g1Q 58. Qb1+ 1-0

[Event "London Central U2000"]
[Site "London"]
[Date "2022.04.23"]
[Round "2"]
[White "McKenna, John R"]
[Black "Berkley, Stephen W"]
[Result "1/2-1/2"]
[WhiteElo "1585"]
[BlackElo "1467"]
[PlyCount "75"]
[EventDate "2022.04.22"]
[EventType "swiss"]
[EventRounds "5"]
[EventCountry "ENG"]
[SourceTitle "EXT 2024"]
[Source "ChessBase"]
[SourceDate "2023.10.10"]
[SourceVersion "1"]
[SourceVersionDate "2023.10.10"]
[SourceQuality "1"]

1. d4 e6 2. Nf3 Nf6 3. Bg5 d5 4. e3 Be7 5. Bd3 0-0 6. Nbd2 b6 7. 0-0 Ba6 8. Qe2 Bxd3 9. cxd3 Nbd7 10. Nb3 Nh5 11. Bxe7 Qxe7 12. Rfc1 c5 13. dxc5 Nxc5 14. Nxc5 bxc5 15. Ne5 Nf6 16. b3 Rfc8 17. Rc2 Nd7 18. Nxd7 Qxd7 19. Rac1 Qb5 20. Qd2 Rc7 21. d4 c4 22. bxc4 Rxc4 23. Rxc4 dxc4 24. Qc3 Rc8 25. f3 a5 26. a3 Kf8 27. Kf2 Rb8 28. Qxc4 Qb2+ 29. Rc2 Qxa3 30. Qc5+ Qxc5 31. dxc5 Ke7 32. Ke2 Kd7 33. Kd3 Kc6 34. f4 Rb5 35. Kd4 Rb4+ 36. Kd3 Rb5 37. Kd4 Rb4+ 38. Kd3 1/2-1/2

[Event "London Classic op U1750 11th"]
[Site "London"]
[Date "2019.12.06"]
[Round "5"]
[White "Johnson, Roger"]
[Black "McKenna, John R"]
[Result "1/2-1/2"]
[WhiteElo "1351"]
[BlackElo "1586"]
[PlyCount "166"]
[EventDate "2019.12.02"]
[EventType "swiss"]
[EventRounds "5"]
[EventCountry "ENG"]
[SourceTitle "CBM 195 Extra"]
[Source "ChessBase"]
[SourceDate "2020.05.31"]
[SourceVersion "1"]
[SourceVersionDate "2020.05.31"]
[SourceQuality "1"]

1. d4 f5 2. Bf4 Nf6 3. h3 g6 4. Nf3 Bg7 5. e3 d6 6. c3 0-0 7. Bc4+ e6 8. 0-0 Nc6 9. a3 Kh8 10. Nbd2 Qe8 11. Re1 e5 12. dxe5 dxe5 13. Bh2 Be6 14. Bxe6 Qxe6 15. Qc2 Rad8 16. Rad1 Rd7 17. Nb3 Qe7 18. Rxd7 Nxd7 19. Rd1 e4 20. Nfd4 Nce5 21. Nc1 Nc5 22. Bxe5 Qxe5 23. Nce2 Bf6 24. Nf4 c6 25. Nb3 Nd3 26. Nxd3 exd3 27. Rxd3 f4 28. Nd4 c5 29. Nf3 Qe4 30. Qd2 fxe3 31. Qxe3 Qc6 32. Ne5 Qe8 33. Nd7 Qxe3 34. Rxe3 Rf7 35. Nxc5 h6 36. Rf3 Kg8 37. Ne4 Be5 38. Rxf7 Kxf7 39. f3 b5 40. Nc5 Bf4 41. Kf2 a5 42. Ke2 Ke7 43. Nd3 Bg5 44. Kd1 Kd6 45. Kc2 Kd5 46. Kb3 Bd2 47. Kc2 Bg5 48. Nf2 Be7 49. Ne4 b4 50. a4 bxc3 51. Kxc3 Bb4+ 52. Kd3 Ke5 53. Ke3 g5 54. g4 Be7 55. Ng3 Bc5+ 56. Ke2 Kd5 57. b3 Bf8 58. Kd3 Ke5 59. Ne2 Bc5 60. Kc4 Bb4 61. Nd4 Kf4 62. Nc6 Be1 63. b4 axb4 64. Nxb4 Kxf3 65. a5 Bf2 66. a6 Kg3 67. Nd5 Ba7 68. Kb5 Kxh3 69. Kc6 Kxg4 70. Kb7 Kf3 71. Kxa7 g4 72. Kb6 g3 73. a7 g2 74. a8Q g1Q+ 75. Kc6 Qg6+ 76. Kd7 Qf5+ 77. Kc6 Qg6+ 78. Kb5 Qb1+ 79. Nb4+ Qe4 80. Qf8+ Qf4 81. Qa8+ Qe4 82. Qa3+ Qe3 83. Qa8+ Qe4 1/2-1/2

[Event "London CSC 5-Day U2050 op 10th"]
[Site "London"]
[Date "2018.12.12"]
[Round "4"]
[White "Brown, David1"]
[Black "McKenna, John R"]
[Result "1-0"]
[WhiteElo "1756"]
[BlackElo "1608"]
[PlyCount "67"]
[EventDate "2018.12.09"]
[EventType "swiss"]
[EventRounds "5"]
[EventCountry "ENG"]
[SourceTitle "EXT 2020"]
[Source "ChessBase"]
[SourceDate "2019.10.17"]
[SourceVersion "1"]
[SourceVersionDate "2019.10.17"]
[SourceQuality "1"]

1. e4 c6 2. d4 d5 3. exd5 cxd5 4. Nc3 Nf6 5. Nf3 Nc6 6. Bd3 Bg4 7. h3 Bh5 8. g4 Bg6 9. Be3 e6 10. a3 a6 11. 0-0 Bd6 12. Bg5 Qc7 13. Re1 0-0-0 14. Kf1 Bxd3+ 15. cxd3 h6 16. Be3 g5 17. Rc1 Kb8 18. b4 b5 19. a4 Qb7 20. axb5 axb5 21. Na2 Nxb4 22. Re2 Rc8 23. Rb1 Nxa2 24. Rxa2 Rc3 25. Ra5 b4 26. Qa4 Qc6 27. Rxb4+ Bxb4 28. Qxb4+ Kc8 29. Ne5 Rc1+ 30. Kg2 Qc3 31. Ra8+ Kc7 32. Ra7+ Kd8 33. Qe7+ Kc8 34. Ra8# 1-0

[Event "BCF-chT4S 1718 (4NCL)"]
[Site "England"]
[Date "2018.05.05"]
[Round "9.123"]
[White "McKenna, John R"]
[Black "Sheikh, Anum"]
[Result "0-1"]
[WhiteElo "1635"]
[BlackElo "1526"]
[PlyCount "92"]
[EventDate "2017.11.11"]
[EventType "team-swiss"]
[EventRounds "11"]
[EventCountry "ENG"]
[SourceTitle "EXT 2020"]
[Source "ChessBase"]
[SourceDate "2019.10.17"]
[SourceVersion "1"]
[SourceVersionDate "2019.10.17"]
[SourceQuality "1"]
[WhiteTeam "Invicta Chess"]
[BlackTeam "D&D United"]
[WhiteTeamCountry "ENG"]
[BlackTeamCountry "ENG"]

1. Nf3 f5 2. d4 Nf6 3. g3 g6 4. Bg2 Bg7 5. 0-0 0-0 6. Nbd2 d6 7. c3 Qe8 8. Qb3+ Kh8 9. Ng5 Nc6 10. d5 Nd8 11. e4 h6 12. Ne6 Nxe6 13. dxe6 fxe4 14. Nxe4 Nxe4 15. Bxe4 Rf6 16. Be3 Rxe6 17. Bd5 Rf6 18. Bd4 Rf8 19. Bxg7+ Kxg7 20. Rae1 Bh3 21. Bg2 Bxg2 22. Kxg2 Qc6+ 23. Kg1 e5 24. Qc2 Rae8 25. Re4 d5 26. Rg4 e4 27. Qd2 Qe6 28. Rf4 Rxf4 29. Qxf4 c5 30. Qc7+ Qe7 31. Qxe7+ Rxe7 32. Rd1 Rd7 33. Re1 Kf6 34. f3 exf3 35. Kf2 Re7 36. Rd1 Re2+ 37. Kxf3 Rxb2 38. Rxd5 Rxa2 39. Rxc5 Rxh2 40. Rc7 Rb2 41. c4 a5 42. Rc5 a4 43. Ra5 Rb3+ 44. Kg2 a3 45. Kh3 g5 46. Kg4 Kg6 0-1

[Event "London Classic op U2050 9th"]
[Site "London"]
[Date "2017.12.08"]
[Round "5"]
[White "McKenna, John R"]
[Black "Wong, Shyun Fwu Aldrin"]
[Result "0-1"]
[WhiteElo "1651"]
[BlackElo "1694"]
[PlyCount "60"]
[EventDate "2017.12.04"]
[EventType "swiss"]
[EventRounds "5"]
[EventCountry "ENG"]
[SourceTitle "CBM 182 Extra"]
[Source "ChessBase"]
[SourceDate "2018.02.23"]
[SourceVersion "1"]
[SourceVersionDate "2018.02.23"]
[SourceQuality "1"]

1. d4 Nf6 2. Nf3 g6 3. Bg5 Bg7 4. e3 0-0 5. Be2 d6 6. Nbd2 c5 7. c3 b6 8. 0-0 Bb7 9. a4 a6 10. Qc2 Nbd7 11. Rfd1 Qc7 12. Rac1 Rfc8 13. Qb1 Bc6 14. b3 Qb7 15. Bd3 b5 16. Qa2 h6 17. Bxf6 Nxf6 18. dxc5 dxc5 19. Bf1 Nd5 20. Nb1 f5 21. Ne1 b4 22. Nd3 bxc3 23. b4 cxb4 24. Nc5 b3 25. Qxb3 Qxb3 26. Nxb3 Bxa4 27. Rxd5 Bxb3 28. Rd3 Bc4 29. Rd7 Bxf1 30. Kxf1 c2 0-1

[Event "London Classic op-A U2000 5th"]
[Site "London"]
[Date "2013.12.10"]
[Round "2"]
[White "McKenna, John R"]
[Black "Homolka, Vincent"]
[Result "1/2-1/2"]
[WhiteElo "1735"]
[BlackElo "1818"]
[PlyCount "81"]
[EventDate "2013.12.09"]
[EventType "swiss"]
[EventRounds "5"]
[EventCountry "ENG"]
[SourceTitle "EXT 2016"]
[Source "ChessBase"]
[SourceDate "2015.10.08"]
[SourceVersion "1"]
[SourceVersionDate "2015.10.08"]
[SourceQuality "1"]

1. d4 d5 2. Bf4 Bf5 3. Nf3 e6 4. e3 Bd6 5. Bg3 Nf6 6. Be2 0-0 7. Nh4 Bg6 8. Nd2 c5 9. Nxg6 hxg6 10. c3 cxd4 11. exd4 Nc6 12. Nf3 Qc7 13. Bxd6 Qxd6 14. 0-0 Rfc8 15. Bd3 Nd7 16. Qe2 Na5 17. Rfe1 Nc4 18. b3 Ncb6 19. Rac1 Nf6 20. Ne5 Nfd7 21. f4 Nxe5 22. fxe5 Qe7 23. Qf3 Rc7 24. Re3 Rac8 25. Bb1 Nd7 26. Rf1 b5 27. h4 a5 28. h5 g5 29. Qh3 b4 30. Rff3 Rxc3 31. Rxc3 Rxc3 32. Rxc3 bxc3 33. Qxc3 Qb4 34. Qxb4 axb4 35. Bd3 Kf8 36. Kf2 Ke7 37. Bb5 f5 38. Ke3 Kd8 39. Kd2 Kc7 40. Kc2 Nb8 41. Be2 1/2-1/2

[Event "London Classic op"]
[Site "London"]
[Date "2010.12.14"]
[Round "8"]
[White "Green, Conrad Eliot"]
[Black "McKenna, John R"]
[Result "1/2-1/2"]
[WhiteElo "1942"]
[BlackElo "1669"]
[PlyCount "94"]
[EventDate "2010.12.08"]
[EventType "swiss"]
[EventRounds "9"]
[EventCountry "ENG"]
[SourceTitle "CBM 139 Extra"]
[Source "ChessBase"]
[SourceDate "2011.01.05"]
[SourceVersion "1"]
[SourceVersionDate "2011.01.05"]
[SourceQuality "1"]

1. d4 d5 2. Nc3 g6 3. g3 Bg7 4. Bg2 c6 5. Nf3 Nf6 6. 0-0 0-0 7. b3 Bf5 8. Bb2 Nbd7 9. Re1 Ne4 10. Nh4 Nxc3 11. Bxc3 Be6 12. Qd2 Nf6 13. Bb2 Qb6 14. Rad1 a5 15. a4 Rfd8 16. Ba3 Qc7 17. c3 Ne4 18. Bxe4 dxe4 19. Qc2 f5 20. f3 b5 21. fxe4 fxe4 22. Rb1 b4 23. Bc1 bxc3 24. e3 Bd5 25. Qxc3 e5 26. dxe5 Bxe5 27. Qc2 Rf8 28. Bb2 Rab8 29. Bxe5 Qxe5 30. Rb2 Qe6 31. Reb1 Rb4 32. Qc5 Rxb3 33. Rxb3 Bxb3 34. Qxa5 Qf7 35. Qb4 Qf2+ 36. Kh1 Bd5 37. Qc3 g5 38. Rg1 gxh4 39. gxh4+ Kf7 40. Qg7+ Ke6 41. Qg4+ Rf5 42. Qg8+ Rf7 43. Qc8+ Kf6 44. Qd8+ Re7 45. Qf8+ Rf7 46. Qd8+ Re7 47. Qf8+ Rf7 1/2-1/2

[Event "London Classic op"]
[Site "London"]
[Date "2010.12.08"]
[Round "1"]
[White "Quinn, John M"]
[Black "McKenna, John R"]
[Result "1-0"]
[WhiteElo "2149"]
[BlackElo "1669"]
[PlyCount "79"]
[EventDate "2010.12.08"]
[EventType "swiss"]
[EventRounds "9"]
[EventCountry "ENG"]
[SourceTitle "CBM 139 Extra"]
[Source "ChessBase"]
[SourceDate "2011.01.05"]
[SourceVersion "1"]
[SourceVersionDate "2011.01.05"]
[SourceQuality "1"]

1. d4 d5 2. c4 c6 3. Nf3 Nf6 4. Nc3 a6 5. c5 Nbd7 6. Bf4 Nh5 7. Bg5 g6 8. e3 Bg7 9. Be2 Qc7 10. Nd2 e5 11. Bxh5 exd4 12. exd4 gxh5 13. Qe2+ Kf8 14. Qe7+ Kg8 15. Nf3 h6 16. Bh4 Qf4 17. Rd1 Kh7 18. 0-0 Rg8 19. Bg3 Qg4 20. Qxf7 Rf8 21. Qe7 Nf6 22. Rfe1 Bd7 23. h3 Qg6 24. Ne5 Qf5 25. Re3 Rae8 26. Qd6 Qe6 27. Qc7 Bc8 28. Ng6 Rf7 29. Rxe6 Rxc7 30. Rxe8 Nxe8 31. Bxc7 Nxc7 32. Nf4 Ne6 33. Nxe6 Bxe6 34. Re1 Bf5 35. Re7 Kg6 36. Ne2 Kf6 37. Rxb7 Bd3 38. Nf4 Bg6 39. Rb6 Be8 40. Nxd5+ 1-0

[Event "Civil Service Major op"]
[Site "London"]
[Date "2005.11.05"]
[Round "2"]
[White "Ahuja, Akshaya"]
[Black "McKenna, John R"]
[Result "0-1"]
[WhiteElo "1432"]
[BlackElo "1640"]
[PlyCount "48"]
[EventDate "2005.11.05"]
[EventType "swiss"]
[EventRounds "5"]
[EventCountry "ENG"]
[SourceTitle "EXT 2007"]
[Source "ChessBase"]
[SourceDate "2006.11.23"]
[SourceVersion "1"]
[SourceVersionDate "2006.11.23"]
[SourceQuality "1"]

1. e4 g6 2. d4 d6 3. f4 c6 4. Nf3 d5 5. e5 h5 6. c4 Na6 7. Be2 Bg4 8. Qb3 Qb6 9. Qxb6 axb6 10. cxd5 Nb4 11. Na3 Nxd5 12. 0-0 b5 13. h3 Bf5 14. Nh4 Nh6 15. Bf3 e6 16. Nxf5 Nxf5 17. Bxd5 exd5 18. Nc2 h4 19. Be3 Be7 20. Bf2 Kd7 21. Kh2 Ke6 22. a3 Ra7 23. Rad1 Rha8 24. Rd3 Ra4 0-1

[Event "Coventry op 1st"]
[Site "Coventry"]
[Date "2004.04.18"]
[Round "5"]
[White "Manjula, Manibhar"]
[Black "McKenna, John R"]
[Result "0-1"]
[WhiteElo "840"]
[BlackElo "1648"]
[PlyCount "70"]
[EventDate "2004.04.16"]
[EventType "swiss"]
[EventRounds "5"]
[EventCountry "ENG"]
[SourceTitle "CBM 099 Extra"]
[Source "ChessBase"]
[SourceDate "2004.05.04"]
[SourceVersion "1"]
[SourceVersionDate "2004.05.04"]
[SourceQuality "1"]

1. e4 c6 2. d4 g6 3. Nc3 d5 4. e5 Bg7 5. Nf3 Bg4 6. h3 Bxf3 7. Qxf3 e6 8. Bd3 Nd7 9. 0-0 Ne7 10. Bf4 Qb6 11. Qe3 Nf5 12. Bxf5 gxf5 13. Rab1 h5 14. Qg3 Bf8 15. Rfd1 h4 16. Qf3 Be7 17. Qe3 Nf8 18. Na4 Qc7 19. Nc3 Ng6 20. Bh6 Rh7 21. Bg5 Qd8 22. Bxe7 Qxe7 23. Ne2 0-0-0 24. b4 Rh5 25. a4 Qg5 26. Qb3 Nf4 27. Nxf4 Qxf4 28. c4 Rg5 29. Rb2 Rdg8 30. f3 Rg3 31. Rd3 Rxh3 32. Kf2 Rxg2+ 33. Kxg2 Qg3+ 34. Kf1 Rh1+ 35. Ke2 Qe1# 0-1